Freaky Friday (Record no. 15364)

MARC details
000 -LEADER
fixed length control field 01847ngm a2200385 4500
003 - CONTROL NUMBER IDENTIFIER
control field dpl
005 - DATE AND TIME OF LATEST TRANSACTION
control field 20080723110517.0
007 - PHYSICAL DESCRIPTION FIXED FIELD--GENERAL INFORMATION
fixed length control field DVD
008 - FIXED-LENGTH DATA ELEMENTS--GENERAL INFORMATION
fixed length control field ||||||sp199 xxu|||||c|||| 00| 0 eng d
010 ## - LIBRARY OF CONGRESS CONTROL NUMBER
LC control number DVD-000224-247
024 ## - OTHER STANDARD IDENTIFIER
Standard number or code OOP66
Terms of availability 499.00
035 ## - SYSTEM CONTROL NUMBER
System control number DVD-000224-247
040 ## - CATALOGING SOURCE
Original cataloging agency DPL
082 ## - DEWEY DECIMAL CLASSIFICATION NUMBER
Classification number DVD / FREA
245 ## - TITLE STATEMENT
Title Freaky Friday
Statement of responsibility, etc Walt Disney Pictures presents
Medium [videorecording] DVD/
246 ## - VARYING FORM OF TITLE
Title proper/short title .
250 ## - EDITION STATEMENT
Edition statement Special Edition
260 ## - PUBLICATION, DISTRIBUTION, ETC. (IMPRINT)
Place of publication, distribution, etc Burbank, CA:
Name of publisher, distributor, etc Walt Disney Home Video,
Date of publication, distribution, etc p1997.
300 ## - PHYSICAL DESCRIPTION
Extent 1 videodisc DVD; (97 min.) :
Other physical details sd., col. ;
Dimensions 4 3/4 in.
Type of unit DVD
440 ## - SERIES STATEMENT/ADDED ENTRY--TITLE
Title Walt Disney's Home Entertainment
500 ## - GENERAL NOTE
General note Special Features: Backstage Pass With Lohan, Freaky Bloopers, Alternate Endings
500 ## - GENERAL NOTE
General note Sole Distributor in India M/s. Excel Productions Autio Visuals Pvt. Ltd.
538 ## - SYSTEM DETAILS NOTE
System details note Dolby Digital 5.1-English, Thai Subtitles: English, Thai, Korean, Bahasan, Mandarin
538 ## - SYSTEM DETAILS NOTE
System details note Aspect Ratio: 1.85:1, Presentation type: Wide Screne, Presentation Size 16x9, Format DVD 9 Dual Layer Single Sided Disc.
650 ## - SUBJECT ADDED ENTRY--TOPICAL TERM
Topical term or geographic name as entry element Motion Picture
700 ## - ADDED ENTRY--PERSONAL NAME
Personal name Lohan, Lindsay
700 ## - ADDED ENTRY--PERSONAL NAME
Personal name Gould, Harold
700 ## - ADDED ENTRY--PERSONAL NAME
Personal name Murray, Chad Michael
700 ## - ADDED ENTRY--PERSONAL NAME
Personal name Harmon, Mark
942 ## - ADDED ENTRY ELEMENTS (KOHA)
Koha item type CD-ROMs, DVDs, VHS
Source of classification or shelving scheme Dewey Decimal Classification
Classification part DVD
Call number suffix FREA
Holdings
Withdrawn status Lost status Source of classification or shelving scheme Damaged status Not for loan Home library Current library Date acquired Source of acquisition Cost, normal purchase price Total Checkouts Total Renewals Full call number Barcode Date last seen Date checked out Copy number Cost, replacement price Price effective from Koha item type
    Dewey Decimal Classification     Central Library Central Library 05/09/2008 Purchase 499.00 22 1 DVD FREA DVD-000245 05/06/2013 28/05/2013 1 499.00 15/09/2008 CD-ROMs, DVDs, VHS
    Dewey Decimal Classification     Patel Nagar Patel Nagar 05/09/2008 Purchase 499.00 10   DVD FREA DVD-000247 28/03/2013 20/03/2013 1 499.00 15/09/2008 CD-ROMs, DVDs, VHS
    Dewey Decimal Classification     Sarojini Nagar Sarojini Nagar 05/09/2008 Purchase 499.00 21   DVD FREA DVD-000246 21/06/2014 17/06/2014 1 499.00 15/09/2008 CD-ROMs, DVDs, VHS

© Delhi Public Library
Hit Counter
free hit counter